[Event "Glenco Chess IM 2014"]
[Site "Fredericia"]
[Date "2014.05.21"]
[Round "1"]
[White "Bakr, Jwan"]
[Black "Fries Nielsen, Jens Ove"]
[Result "1-0"]
[WhiteElo "2375"]
[BlackElo "2408"]
[PlyCount "65"]
[EventDate "2014.??.??"]



1. d4 c5 2. d5 g6 3. c4 d6 4. Nc3 Bg7 5. e4 e6 6. Nf3 Ne7 7. h4 h6 8. Bd3 Bxc3+
9. bxc3 e5 10. h5 g5 11. Nh2 Qa5 12. Bd2 f5 13. exf5 Bxf5 14. Bxf5 Nxf5 15. Qb1
O-O 16. Qxb7 Na6 17. Ng4 Nc7 18. Qb1 e4 19. O-O Ne8 20. Qxe4 Neg7 21. Qd3 Qc7
22. Nxh6+ Nxh6 23. Qg6 Nf7 24. h6 Ne5 25. Qxg5 Rf5 26. Qg3 Raf8 27. hxg7 R8f6
28. Bg5 Rxg5 29. Qxg5 Rg6 30. Qf5 Qxg7 31. Qc8+ Kh7 32. Qh3+ Kg8 33. Rab1 1-0

[Event "Glenco Chess IM 2014"]
[Site "Fredericia"]
[Date "2014.05.21"]
[Round "1"]
[White "Hansen, Mads"]
[Black "Gergacz, Attila"]
[Result "0-1"]
[WhiteElo "2351"]
[BlackElo "2357"]
[PlyCount "94"]
[EventDate "2014.??.??"]



1. e4 e5 2. Nf3 Nf6 3. Nxe5 d6 4. Nf3 Nxe4 5. Nc3 Nf6 6. d4 d5 7. Bg5 c6 8. Bd3
Bg4 9. h3 Bh5 10. Qe2+ Qe7 11. Bxf6 Qxe2+ 12. Nxe2 gxf6 13. g4 Bg6 14. O-O-O
Nd7 15. Nh4 O-O-O 16. Nf5 Kc7 17. h4 h5 18. Neg3 hxg4 19. h5 Bxf5 20. Nxf5 Bh6+
21. Kb1 Nf8 22. Rdg1 Ne6 23. Rxg4 b5 24. c3 a5 25. Kc2 a4 26. Rgg1 Rde8 27. Re1
Reg8 28. Rhg1 Rb8 29. Be2 Bg5 30. Bg4 b4 31. Rh1 b3+ 32. axb3 axb3+ 33. Kb1 Bf4
34. Bd1 c5 35. dxc5 Nxc5 36. Nd4 Be5 37. h6 Kd6 38. Rh3 Ne4 39. Nxb3 Nxf2 40.
Rf3 Nxd1 41. Kc2 Nxb2 42. Kxb2 Rxh6 43. Re2 Rh4 44. Kc2 Rc4 45. Nd2 Rc6 46. Rd3
Rbc8 47. c4 Ke6 0-1

[Event "Glenco Chess IM 2014"]
[Site "Fredericia"]
[Date "2014.05.21"]
[Round "1"]
[White "Teplyi, Igor"]
[Black "Bank Friis, Carsten"]
[Result "1-0"]
[WhiteElo "2382"]
[BlackElo "2236"]
[PlyCount "55"]
[EventDate "2014.??.??"]



1. d4 d6 2. Nf3 Nd7 3. e4 e5 4. Bc4 Be7 5. dxe5 Nxe5 6. Nxe5 dxe5 7. Qh5 g6 8.
Qxe5 f6 9. Qb5+ Kf8 10. Bb3 Kg7 11. Nc3 Nh6 12. Bd2 c6 13. Qc4 Qe8 14. a4 Rf8
15. O-O-O Nf7 16. f4 a5 17. Qe2 Bb4 18. Bc4 Be6 19. Bd3 Bd7 20. Rde1 Nd8 21. h4
Ne6 22. Qe3 Bc5 23. Qg3 Qb8 24. h5 g5 25. e5 fxe5 26. f5 Nd4 27. Bxg5 Kh8 28.
h6 1-0

[Event "Glenco Chess IM 2014"]
[Site "Fredericia"]
[Date "2014.05.21"]
[Round "1"]
[White "Lubbe, Nikolas"]
[Black "Lubbe, Melanie"]
[Result "1/2-1/2"]
[WhiteElo "2428"]
[BlackElo "2350"]
[PlyCount "42"]
[EventDate "2014.??.??"]

1. e4 c5 2. Nc3 Nc6 3. Nf3 d6 4. Bb5 Bd7 5. O-O a6 6. Bxc6 Bxc6 7. d4 cxd4 8.
Qxd4 e5 9. Qd3 h6 10. a4 Nf6 11. a5 Be7 12. Rd1 O-O 13. Be3 Qc8 14. h3 Rd8 15.
Bb6 Rd7 16. Qe3 Bd8 17. Rd2 Bxb6 18. axb6 Qe8 19. Rad1 Qe6 20. b3 Rc8 21. g4
Nh7 1/2-1/2

[Event "Glenco Chess IM 2014"]
[Site "Fredericia"]
[Date "2014.05.21"]
[Round "1"]
[White "Carstensen, Jacob"]
[Black "Fries Nielsen, Niels Jorgen"]
[Result "1/2-1/2"]
[WhiteElo "2373"]
[BlackElo "2301"]
[PlyCount "51"]
[EventDate "2014.??.??"]



1. d4 d6 2. c4 e5 3. Nf3 Nd7 4. e4 Ngf6 5. Nc3 Be7 6. Be2 O-O 7. O-O c6 8. h3
exd4 9. Nxd4 Nc5 10. Qc2 Re8 11. Bf3 a5 12. Rd1 Bf8 13. Bf4 Nfd7 14. Be3 Qf6
15. Be2 Qg6 16. Nf5 h6 17. g4 Qe6 18. Nd4 Qe7 19. Nf5 Qe6 20. Ng3 Ne5 21. Rd4
Ng6 22. Nh5 Qe7 23. Bf3 Qe5 24. Ne2 Ne6 25. Rdd1 Ng5 26. Bxg5 1/2-1/2

[Event "Glenco Chess IM 2014"]
[Site "Fredericia"]
[Date "2014.05.22"]
[Round "2"]
[White "Gergacz, Attila"]
[Black "Teplyi, Igor"]
[Result "0-1"]
[WhiteElo "2357"]
[BlackElo "2382"]
[PlyCount "78"]
[EventDate "2014.??.??"]



1. e4 c5 2. Nf3 d6 3. d4 cxd4 4. Qxd4 Nc6 5. Bb5 Bd7 6. Bxc6 Bxc6 7. c4 Nf6 8.
Nc3 e6 9. O-O Be7 10. b3 O-O 11. Bb2 a6 12. Rfe1 b5 13. cxb5 axb5 14. a3 e5 15.
Qd3 Qb6 16. b4 Rfe8 17. Rac1 Rad8 18. Qc2 Qb7 19. Nd2 Rc8 20. Qd3 Qd7 21. Nf1
Qb7 22. f3 Bd8 23. Kh1 Bb6 24. Nxb5 Qa6 25. a4 Red8 26. Rxc6 Rxc6 27. Qb3 Ra8
28. Ra1 h5 29. h3 h4 30. Kh2 Nh5 31. Ne3 Bxe3 32. Qxe3 Rc2 33. Bc3 Nf4 34. Bd2
d5 35. Qe1 Qg6 36. g4 hxg3+ 37. Kg1 Nxh3+ 38. Kg2 Nf4+ 39. Kg1 Qh5 0-1

[Event "Glenco Chess IM 2014"]
[Site "Fredericia"]
[Date "2014.05.22"]
[Round "2"]
[White "Bakr, Jwan"]
[Black "Hansen, Mads"]
[Result "0-1"]
[WhiteElo "2375"]
[BlackElo "2351"]
[PlyCount "70"]
[EventDate "2014.??.??"]



1. d4 d5 2. Nf3 Nf6 3. c4 c6 4. Nbd2 Bf5 5. Nh4 Be4 6. f3 Bg6 7. g3 Nbd7 8. Bh3
e6 9. O-O Be7 10. cxd5 cxd5 11. Kg2 Qb6 12. Nxg6 hxg6 13. Nb3 a5 14. a4 O-O 15.
Bg5 Rfc8 16. e4 dxe4 17. fxe4 Rc4 18. Qd3 Rac8 19. Rf3 Rc2+ 20. Kh1 Rxb2 21.
Raf1 Rcc2 22. Nd2 Qc6 23. d5 exd5 24. Bxd7 Nxd7 25. exd5 Qd6 26. Bf4 Qb4 27.
R3f2 Qxa4 28. Re1 Qa3 29. Qe2 Bc5 30. Qe8+ Nf8 31. Bd6 Bxd6 32. Qxf7+ Kh7 33.
Re4 Rb4 34. Re8 Rxd2 35. Rxf8 Bxf8 0-1

[Event "Glenco Chess IM 2014"]
[Site "Fredericia"]
[Date "2014.05.22"]
[Round "2"]
[White "Lubbe, Melanie"]
[Black "Carstensen, Jacob"]
[Result "1/2-1/2"]
[WhiteElo "2350"]
[BlackElo "2373"]
[PlyCount "71"]
[EventDate "2014.??.??"]



1. e4 e6 2. d4 d5 3. Nc3 Nf6 4. e5 Nfd7 5. f4 c5 6. Nf3 Nc6 7. Be3 Be7 8. Qd2
O-O 9. dxc5 Bxc5 10. O-O-O Qa5 11. a3 a6 12. Kb1 b5 13. Bxc5 Nxc5 14. Nd4 Nxd4
15. Qxd4 Qc7 16. h4 Bb7 17. Rh3 Rad8 18. h5 h6 19. g4 Ne4 20. Rhd3 Rc8 21. Bg2
a5 22. Bxe4 dxe4 23. R3d2 b4 24. axb4 e3 25. Qxe3 axb4 26. Na4 Bc6 27. Nb6 Rb8
28. Nd7 Bxd7 29. Rxd7 Qc6 30. Qb3 Qg2 31. f5 Qxg4 32. f6 Rb7 33. Rd8 Rb8 34.
R8d7 Rb7 35. Rd8 Rb8 36. R8d7 1/2-1/2

[Event "Glenco Chess IM 2014"]
[Site "Fredericia"]
[Date "2014.05.22"]
[Round "2"]
[White "Bank Friis, Carsten"]
[Black "Lubbe, Nikolas"]
[Result "0-1"]
[WhiteElo "2236"]
[BlackElo "2428"]
[PlyCount "126"]
[EventDate "2014.??.??"]

1. d4 Nf6 2. Nf3 e6 3. Bf4 b6 4. h3 Bb7 5. e3 Be7 6. Bd3 Ne4 7. Nbd2 Nxd2 8.
Qxd2 d6 9. O-O-O Nd7 10. c3 Bxf3 11. gxf3 c6 12. Qc2 g6 13. h4 Nf6 14. Kb1 Qc7
15. c4 Nh5 16. Bg5 f6 17. Bh6 f5 18. f4 Bf8 19. Bxf8 Rxf8 20. d5 cxd5 21. cxd5
Qxc2+ 22. Bxc2 exd5 23. Rxd5 Ke7 24. Kc1 Rac8 25. Kd2 Rc7 26. Rd4 Nf6 27. Bd3
Rfc8 28. f3 Rc5 29. e4 fxe4 30. fxe4 Ng4 31. Rg1 Nf6 32. Rg5 Nd7 33. Rgd5 Rxd5
34. Rxd5 Rf8 35. Ke3 Nf6 36. Rg5 Rc8 37. Kd2 Kf7 38. b3 Re8 39. e5 dxe5 40.
fxe5 Nh5 41. Ke3 Ng7 42. Bc4+ Ke7 43. Ke4 Rd8 44. Bd5 Rf8 45. Rg3 Rf1 46. Bg8
Re1+ 47. Kd3 Nf5 48. Rh3 h5 49. e6 Nh6 50. Bf7 Nxf7 51. exf7 Kxf7 52. Kc4 Re5
53. a4 Ke6 54. Rg3 Kf6 55. Rd3 Re4+ 56. Kb5 Rxh4 57. Ka6 Rb4 58. Kxa7 h4 59.
Ka6 g5 60. a5 bxa5 61. Kxa5 Rb8 62. b4 g4 63. b5 h3 0-1

[Event "Glenco Chess IM 2014"]
[Site "Fredericia"]
[Date "2014.05.22"]
[Round "3"]
[White "Teplyi, Igor"]
[Black "Bakr, Jwan"]
[Result "1/2-1/2"]
[WhiteElo "2382"]
[BlackElo "2375"]
[PlyCount "93"]
[EventDate "2014.??.??"]



1. Nf3 Nf6 2. g3 g6 3. b3 Bg7 4. Bb2 c5 5. c4 d5 6. cxd5 Qxd5 7. Bg2 O-O 8. d3
Nc6 9. Nbd2 Rd8 10. Rc1 b6 11. O-O Qh5 12. a3 Bd7 13. Rc4 g5 14. b4 cxb4 15.
axb4 Rac8 16. Qb1 Be6 17. Rc2 g4 18. Nh4 Qb5 19. Rfc1 Nxb4 20. Ba3 a5 21. Bc6
Qe5 22. Bxb4 axb4 23. Qxb4 Qxe2 24. Qxb6 Qxd3 25. Nf1 Bh6 26. Bb5 Qd6 27. Qxd6
exd6 28. Rxc8 Rxc8 29. Rxc8+ Bxc8 30. Bd3 Kf8 31. Nf5 Bxf5 32. Bxf5 Ke7 33. f3
gxf3 34. Kf2 d5 35. Kxf3 Kd6 36. h4 Ke5 37. Bb1 Ne4 38. Bc2 f5 39. g4 fxg4+ 40.
Kxg4 Bf4 41. Kf3 h6 42. Bb1 Nc3 43. Bd3 d4 44. Bh7 Na2 45. Bg6 Nc1 46. Bh7 d3
47. Ne3 1/2-1/2

[Event "Glenco Chess IM 2014"]
[Site "Fredericia"]
[Date "2014.05.22"]
[Round "3"]
[White "Lubbe, Nikolas"]
[Black "Gergacz, Attila"]
[Result "1-0"]
[WhiteElo "2428"]
[BlackElo "2357"]
[PlyCount "65"]
[EventDate "2014.??.??"]



1. c4 e5 2. Nc3 Nf6 3. Nf3 Nc6 4. e3 d6 5. d4 g6 6. Be2 Bg7 7. h3 O-O 8. d5 Nb8
9. g4 Ne8 10. e4 f5 11. gxf5 gxf5 12. Bg5 Nf6 13. exf5 Bxf5 14. Nh4 Qd7 15. Qd2
Na6 16. Rg1 Nb4 17. O-O-O Ne4 18. Nxe4 Nxa2+ 19. Kc2 Bxe4+ 20. Kb3 b5 21. cxb5
Kh8 22. f3 Rxf3+ 23. Nxf3 a6 24. Bh6 Bf6 25. Kxa2 axb5+ 26. Kb3 c5 27. Ra1 c4+
28. Kb4 Rb8 29. Ng5 Bg6 30. Ne6 e4 31. Be3 c3 32. bxc3 Be5 33. Ra7 1-0

[Event "Glenco Chess IM 2014"]
[Site "Fredericia"]
[Date "2014.05.22"]
[Round "3"]
[White "Hansen, Mads"]
[Black "Fries Nielsen, Jens Ove"]
[Result "1-0"]
[WhiteElo "2351"]
[BlackElo "2408"]
[PlyCount "43"]
[EventDate "2014.??.??"]



1. e4 Nf6 2. e5 Ng8 3. d4 d6 4. Nf3 dxe5 5. Nxe5 Nd7 6. Qf3 Ngf6 7. Nc3 e6 8.
Bd3 c5 9. Be3 cxd4 10. Bxd4 a6 11. O-O-O Qc7 12. Rhe1 Nc5 13. g4 Nxd3+ 14. Rxd3
h6 15. h4 Bd6 16. g5 hxg5 17. hxg5 Nh5 18. Nd5 exd5 19. Nxf7+ Be7 20. Nxh8 Qf4+
21. Kb1 Qxf3 22. Rxf3 1-0

[Event "Glenco Chess IM 2014"]
[Site "Fredericia"]
[Date "2014.05.22"]
[Round "3"]
[White "Carstensen, Jacob"]
[Black "Bank Friis, Carsten"]
[Result "1-0"]
[WhiteElo "2373"]
[BlackElo "2236"]
[PlyCount "83"]
[EventDate "2014.??.??"]

1. d4 d5 2. c4 e6 3. Nc3 Nf6 4. cxd5 exd5 5. Bg5 Be7 6. e3 c6 7. Bd3 O-O 8. Qc2
Nbd7 9. Nf3 Re8 10. h3 Nf8 11. O-O-O Be6 12. Kb1 Rc8 13. g4 b5 14. Rhg1 a6 15.
Rc1 c5 16. Bxf6 Bxf6 17. dxc5 Rxc5 18. Qd2 Qb6 19. Nd4 Rec8 20. Rcd1 Qd6 21.
Nce2 Nd7 22. f4 Nb6 23. Nxe6 fxe6 24. g5 Be7 25. Nd4 Nc4 26. Qe2 g6 27. h4 e5
28. Nb3 R5c7 29. f5 Qb6 30. h5 e4 31. hxg6 hxg6 32. f6 Nxe3 33. Rde1 Nf5 34.
fxe7 Rxe7 35. Bc2 a5 36. Qh2 a4 37. Rh1 Qc7 38. Qh8+ Kf7 39. Qf6+ Ke8 40. Qxg6+
Rf7 41. Bxe4 dxe4 42. Rxe4+ 1-0

[Event "Glenco Chess IM 2014"]
[Site "Fredericia"]
[Date "2014.05.22"]
[Round "3"]
[White "Fries Nielsen, Niels Jorgen"]
[Black "Lubbe, Melanie"]
[Result "1/2-1/2"]
[WhiteElo "2301"]
[BlackElo "2350"]
[PlyCount "134"]
[EventDate "2014.??.??"]



1. Nf3 Nf6 2. g3 g6 3. Bg2 Bg7 4. O-O O-O 5. d4 d6 6. Nc3 c6 7. e4 Nbd7 8. e5
Ne8 9. Re1 dxe5 10. dxe5 Nc7 11. b3 Ne6 12. Bb2 Qc7 13. Qe2 a5 14. a4 b6 15.
Rad1 Ba6 16. Qe3 Rad8 17. h4 h5 18. Ne4 Ndc5 19. Nxc5 Nxc5 20. Bd4 Bc8 21. Bxc5
bxc5 22. Qxc5 Rxd1 23. Rxd1 Bg4 24. Re1 Bxf3 25. Bxf3 e6 26. Qxc6 Bxe5 27. Qxc7
Bxc7 28. Rd1 Rd8 29. Rxd8+ Bxd8 30. Kf1 Kg7 31. Ke2 Kf6 32. Bc6 g5 33. hxg5+
Kxg5 34. Be8 f5 35. Bc6 Bb6 36. c3 Bc5 37. Bg2 e5 38. Bc6 f4 39. Kf3 Kf5 40.
Bd7+ Kg5 41. Bc8 Kf6 42. Bh3 Ke7 43. Bf1 Kf6 44. Bd3 Kg5 45. Be4 Kf6 46. Bc6
Kf5 47. Bd7+ Kg5 48. Be8 h4 49. gxh4+ Kxh4 50. Ke4 Bxf2 51. Kxe5 Be1 52. Kd4 f3
53. Bb5 Kg5 54. Bf1 Kf6 55. Kc4 Ke7 56. b4 axb4 57. cxb4 Kd6 58. a5 Kc7 59. Bd3
Kb8 60. Be4 f2 61. Bg2 Bd2 62. Kb5 Ka7 63. Ka4 Bg5 64. b5 Bd8 65. Kb4 Bc7 66.
b6+ Bxb6 67. axb6+ Kxb6 1/2-1/2

[Event "Glenco Chess IM 2014"]
[Site "Fredericia"]
[Date "2014.05.23"]
[Round "4"]
[White "Hansen, Mads"]
[Black "Teplyi, Igor"]
[Result "1/2-1/2"]
[WhiteElo "2351"]
[BlackElo "2382"]
[PlyCount "31"]
[EventDate "2014.??.??"]



1. e4 c5 2. Nc3 a6 3. Nge2 d6 4. g3 Nc6 5. Bg2 Nf6 6. d4 cxd4 7. Nxd4 Bd7 8.
O-O e6 9. Nxc6 Bxc6 10. Bf4 Be7 11. e5 dxe5 12. Bxc6+ bxc6 13. Bxe5 O-O 14. Qe2
Qa5 15. Rfe1 Rfd8 16. Qc4 1/2-1/2

[Event "Glenco Chess IM 2014"]
[Site "Fredericia"]
[Date "2014.05.23"]
[Round "4"]
[White "Bakr, Jwan"]
[Black "Lubbe, Nikolas"]
[Result "0-1"]
[WhiteElo "2375"]
[BlackElo "2428"]
[PlyCount "72"]
[EventDate "2014.??.??"]



1. d4 Nf6 2. Bg5 c5 3. Bxf6 gxf6 4. d5 Qb6 5. Qc1 Bh6 6. e3 Na6 7. c4 f5 8. g3
Bg7 9. Nc3 Qa5 10. Nge2 Rb8 11. Bh3 Qb4 12. b3 b5 13. cxb5 Nc7 14. O-O Nxb5 15.
Nxb5 Qxb5 16. Nf4 d6 17. Rb1 Qb4 18. Nh5 Bh6 19. Qb2 Rg8 20. Rfc1 Qh4 21. Qh8
Rxh8 22. gxh4 e6 23. f4 Ke7 24. b4 Rg8+ 25. Kf2 Bd7 26. bxc5 dxc5 27. d6+ Kxd6
28. Rd1+ Ke7 29. Rxd7+ Kxd7 30. Nf6+ Kc7 31. Nxg8 Rxb1 32. Nxh6 Rb2+ 33. Kg3 c4
34. Nxf7 c3 35. Ne5 Rd2 36. Nf3 Rd1 0-1

[Event "Glenco Chess IM 2014"]
[Site "Fredericia"]
[Date "2014.05.23"]
[Round "4"]
[White "Gergacz, Attila"]
[Black "Carstensen, Jacob"]
[Result "1-0"]
[WhiteElo "2357"]
[BlackElo "2373"]
[PlyCount "53"]
[EventDate "2014.??.??"]



1. e4 c5 2. Nf3 d6 3. d4 Nf6 4. Nc3 cxd4 5. Nxd4 a6 6. Be3 e5 7. Nb3 Be6 8. h3
Nbd7 9. g4 h6 10. Qd2 Qc7 11. O-O-O Be7 12. f4 Rc8 13. Kb1 Nb6 14. f5 Bc4 15.
Bg2 Bb5 16. Bxb6 Qxb6 17. Bf3 Bc6 18. h4 Nd7 19. g5 a5 20. f6 gxf6 21. Bh5 a4
22. Nc1 fxg5 23. Rhf1 Nf6 24. Rxf6 Bxf6 25. Qxd6 Qd8 26. Qe6+ Kf8 27. Qxf7# 1-0

[Event "Glenco Chess IM 2014"]
[Site "Fredericia"]
[Date "2014.05.23"]
[Round "4"]
[White "Fries Nielsen, Jens Ove"]
[Black "Lubbe, Melanie"]
[Result "1-0"]
[WhiteElo "2408"]
[BlackElo "2350"]
[PlyCount "81"]
[EventDate "2014.??.??"]



1. d4 Nf6 2. Nc3 d5 3. Bf4 e6 4. e3 Be7 5. Bd3 c5 6. Nb5 Na6 7. c3 O-O 8. h3
Bd7 9. a4 c4 10. Bc2 Qb6 11. Nf3 Bxb5 12. axb5 Qxb5 13. Qb1 Nb8 14. g4 g6 15.
Ne5 Nc6 16. Bg5 Ne4 17. Ba4 Qb6 18. Bxe7 Nxe7 19. Nd7 Qc7 20. Nxf8 Kxf8 21. Bc2
Nf6 22. Qd1 a6 23. Qf3 Kg7 24. h4 h5 25. g5 Nd7 26. e4 Rf8 27. Rg1 Qc6 28. exd5
exd5 29. Kf1 f6 30. Re1 Rf7 31. Rxe7 Rxe7 32. Bxg6 f5 33. Bxf5 Rf7 34. g6 Rf8
35. Qe2 Qd6 36. Bxd7 Qxd7 37. Rg3 Rf5 38. Re3 Kxg6 39. Re7 Qd8 40. Qe6+ Rf6 41.
Qe5 1-0

[Event "Glenco Chess IM 2014"]
[Site "Fredericia"]
[Date "2014.05.23"]
[Round "5"]
[White "Lubbe, Nikolas"]
[Black "Hansen, Mads"]
[Result "1-0"]
[WhiteElo "2428"]
[BlackElo "2351"]
[PlyCount "49"]
[EventDate "2014.??.??"]



1. e4 e5 2. Nf3 Nc6 3. Bc4 Bc5 4. c3 Nf6 5. d3 a6 6. Bb3 Ba7 7. Nbd2 d6 8. h3
h6 9. Nf1 Be6 10. Bc2 d5 11. Qe2 Qd7 12. Ng3 O-O 13. O-O b5 14. d4 dxe4 15.
Nxe5 Nxe5 16. dxe5 Bc4 17. Qe1 Bxf1 18. Kxf1 Nd5 19. Qxe4 f5 20. Nxf5 Rae8 21.
f4 Be3 22. Bxe3 Rxf5 23. Kg1 Nxe3 24. Qxe3 Rff8 25. Rd1 1-0

[Event "Glenco Chess IM 2014"]
[Site "Fredericia"]
[Date "2014.05.23"]
[Round "5"]
[White "Teplyi, Igor"]
[Black "Fries Nielsen, Jens Ove"]
[Result "0-1"]
[WhiteElo "2382"]
[BlackElo "2408"]
[PlyCount "56"]
[EventDate "2014.??.??"]



1. d4 Nf6 2. c4 d6 3. Nf3 Nbd7 4. Nc3 c6 5. e4 e5 6. Be2 Be7 7. O-O a6 8. Re1
b5 9. a3 O-O 10. Bf1 Bb7 11. Rb1 Re8 12. b4 exd4 13. Nxd4 Ne5 14. cxb5 cxb5 15.
Nf5 Bf8 16. Bg5 h6 17. Bh4 g6 18. Nd4 Rc8 19. Rb3 g5 20. Bg3 Nc4 21. Qd3 d5 22.
e5 Ne4 23. e6 fxe6 24. f3 Nxg3 25. Qg6+ Bg7 26. Rxe6 Kh8 27. Bd3 Bxd4+ 28. Re3
Bxe3# 0-1

[Event "Glenco Chess IM 2014"]
[Site "Fredericia"]
[Date "2014.05.23"]
[Round "5"]
[White "Carstensen, Jacob"]
[Black "Bakr, Jwan"]
[Result "1-0"]
[WhiteElo "2373"]
[BlackElo "2375"]
[PlyCount "93"]
[EventDate "2014.??.??"]



1. d4 Nf6 2. c4 g6 3. Nc3 Bg7 4. e4 d6 5. Nf3 O-O 6. Be2 e5 7. O-O exd4 8. Nxd4
Re8 9. f3 c6 10. Kh1 Nh5 11. g4 Nf6 12. g5 Nfd7 13. Be3 Na6 14. Qd2 Ndc5 15.
Rad1 Bh3 16. Rg1 Qe7 17. Bf1 Bxf1 18. Rgxf1 Rad8 19. Nc2 Be5 20. Qg2 Qe6 21.
Bd4 Qxc4 22. Ne3 Qe6 23. Ng4 Bxd4 24. Rxd4 Kg7 25. f4 Qe7 26. Qh3 h5 27. gxh6+
Kh8 28. f5 gxf5 29. exf5 f6 30. Qh5 Rg8 31. Qh4 d5 32. Nxf6 Rgf8 33. Nh5 Qxh4
34. Rxh4 d4 35. Nd1 Nb4 36. Nf4 Kh7 37. Rg1 Rd7 38. a3 Nbd3 39. Ne6 Rxf5 40.
Rg7+ Kh8 41. Nxc5 Nxc5 42. Rxd7 Nxd7 43. Rxd4 Ne5 44. Ne3 Rf2 45. Re4 Ng6 46.
Ng4 Rxb2 47. Nf6 1-0

[Event "Glenco Chess IM 2014"]
[Site "Fredericia"]
[Date "2014.05.23"]
[Round "5"]
[White "Fries Nielsen, Niels Jorgen"]
[Black "Gergacz, Attila"]
[Result "1/2-1/2"]
[WhiteElo "2301"]
[BlackElo "2357"]
[PlyCount "39"]
[EventDate "2014.??.??"]

1. d4 f5 2. g3 Nf6 3. Bg2 d5 4. c3 e6 5. Nh3 c5 6. O-O Nc6 7. e3 Bd7 8. Nd2 b5
9. b3 c4 10. a4 cxb3 11. axb5 Na5 12. Nxb3 Nc4 13. Nf4 Qb6 14. Ra6 Qxb5 15.
Nxe6 Bxe6 16. Rxe6+ Kf7 17. Re5 g6 18. g4 Rb8 19. Nd2 fxg4 20. f3 1/2-1/2

[Event "Glenco Chess IM 2014"]
[Site "Fredericia"]
[Date "2014.05.23"]
[Round "5"]
[White "Lubbe, Melanie"]
[Black "Bank Friis, Carsten"]
[Result "1-0"]
[WhiteElo "2350"]
[BlackElo "2236"]
[PlyCount "105"]
[EventDate "2014.??.??"]



1. e4 c6 2. d4 d5 3. Nc3 dxe4 4. Nxe4 Nf6 5. Nxf6+ gxf6 6. c3 Bf5 7. Nf3 e6 8.
g3 Qc7 9. Bg2 Nd7 10. Nh4 Bg6 11. O-O Bd6 12. Bh6 O-O-O 13. b4 Rhg8 14. a4 f5
15. b5 c5 16. a5 Be7 17. Bf4 Bd6 18. Bxd6 Qxd6 19. Qf3 Qc7 20. b6 axb6 21. axb6
Nxb6 22. Ra7 Rd7 23. Rfa1 Kd8 24. dxc5 Qxc5 25. Rxb7 Ke7 26. Rb1 Nd5 27. c4
Rxb7 28. Rxb7+ Nc7 29. Qf4 Rc8 30. Nf3 Kf8 31. h4 h5 32. Ne5 Kg7 33. Nd7 Qa5
34. Nb6 e5 35. Qe3 Rd8 36. Rxc7 Rd1+ 37. Kh2 f4 38. gxf4 exf4 39. Qc5 Qe1 40.
Rd7 Rb1 41. Qd4+ Kh7 42. Rxf7+ Bxf7 43. Be4+ Bg6 44. Bxb1 Qxb1 45. Nd5 f3 46.
Nf4 Qf5 47. Nh3 Be8 48. Ng5+ Kg6 49. Qd6+ Kg7 50. Qg3 Bg6 51. Nxf3 Kh7 52. Ne5
Be8 53. Qd3 1-0

[Event "Glenco Chess IM 2014"]
[Site "Fredericia"]
[Date "2014.05.24"]
[Round "6"]
[White "Teplyi, Igor"]
[Black "Lubbe, Nikolas"]
[Result "1/2-1/2"]
[WhiteElo "2382"]
[BlackElo "2428"]
[PlyCount "39"]
[EventDate "2014.??.??"]



1. Nf3 Nf6 2. c4 e6 3. g3 d5 4. Bg2 Bd6 5. d4 b6 6. Nc3 Bb7 7. cxd5 Nxd5 8. O-O
Nxc3 9. bxc3 Nd7 10. Qc2 h6 11. e4 c5 12. d5 exd5 13. exd5 O-O 14. c4 a6 15.
Bb2 b5 16. Rfe1 Nb6 17. Nd2 Re8 18. Rad1 Rxe1+ 19. Rxe1 Bf8 20. Bc3 1/2-1/2

[Event "Glenco Chess IM 2014"]
[Site "Fredericia"]
[Date "2014.05.24"]
[Round "6"]
[White "Hansen, Mads"]
[Black "Carstensen, Jacob"]
[Result "0-1"]
[WhiteElo "2351"]
[BlackElo "2373"]
[PlyCount "62"]
[EventDate "2014.??.??"]



1. c4 Nf6 2. g3 e6 3. Nf3 d5 4. Bg2 dxc4 5. Na3 Bxa3 6. bxa3 O-O 7. Bb2 Nd5 8.
Rc1 b5 9. d3 Nd7 10. dxc4 bxc4 11. Rxc4 c5 12. O-O Ba6 13. Rh4 Rb8 14. Qd2 f6
15. Bh3 Qe7 16. Rd1 Rfd8 17. e4 Nc7 18. Qc2 Nf8 19. Rxd8 Qxd8 20. Bf1 Bxf1 21.
Kxf1 e5 22. Bxe5 fxe5 23. Qxc5 Qd3+ 24. Kg2 Rb1 25. Nxe5 Qf1+ 26. Kf3 Nce6 27.
Qc4 Qd1+ 28. Kg2 Rc1 29. Qb3 Qh1+ 30. Kh3 Qf1+ 31. Kg4 Qxf2 0-1

[Event "Glenco Chess IM 2014"]
[Site "Fredericia"]
[Date "2014.05.24"]
[Round "6"]
[White "Gergacz, Attila"]
[Black "Lubbe, Melanie"]
[Result "1-0"]
[WhiteElo "2357"]
[BlackElo "2350"]
[PlyCount "73"]
[EventDate "2014.??.??"]



1. Nf3 Nf6 2. c4 g6 3. Nc3 Bg7 4. e4 d6 5. d4 O-O 6. Be2 e5 7. O-O Nc6 8. d5
Ne7 9. Ne1 Nd7 10. Be3 f5 11. f3 f4 12. Bf2 g5 13. a4 a5 14. Nd3 Rf6 15. Rc1 b6
16. b4 axb4 17. Nxb4 Rh6 18. Nb5 Nf6 19. Re1 g4 20. fxg4 Nxe4 21. Nd3 Bf6 22.
Bf3 Nxf2 23. Nxf2 Bh4 24. Ne4 Bxe1 25. Qxe1 Rxa4 26. h4 Rg6 27. h5 Rg7 28. Qh4
Bd7 29. h6 Rf7 30. Qg5+ Kf8 31. Nbxd6 cxd6 32. Nxd6 Be8 33. Nxf7 Bxf7 34. Qxe5
Qd7 35. Re1 Ra5 36. Qg7+ Ke8 37. Qh8+ 1-0

[Event "Glenco Chess IM 2014"]
[Site "Fredericia"]
[Date "2014.05.24"]
[Round "6"]
[White "Fries Nielsen, Jens Ove"]
[Black "Bank Friis, Carsten"]
[Result "1-0"]
[WhiteElo "2408"]
[BlackElo "2236"]
[PlyCount "47"]
[EventDate "2014.??.??"]

1. d4 Nf6 2. Nc3 d6 3. Nf3 g6 4. e4 Bg7 5. h3 Nc6 6. Be3 a6 7. e5 Nd7 8. exd6
cxd6 9. Be2 O-O 10. Qd2 Re8 11. Bh6 Bh8 12. h4 e5 13. h5 Nxd4 14. hxg6 hxg6 15.
O-O-O Qa5 16. Be3 Nxe2+ 17. Qxe2 b5 18. Rxd6 Nf8 19. a3 Qc7 20. Qd2 Re6 21. Ne4
f5 22. Bb6 Rxd6 23. Rxh8+ Kxh8 24. Qh6+ 1-0

[Event "Glenco Chess IM 2014"]
[Site "Fredericia"]
[Date "2014.05.24"]
[Round "6"]
[White "Bakr, Jwan"]
[Black "Fries Nielsen, Niels Jorgen"]
[Result "1-0"]
[WhiteElo "2375"]
[BlackElo "2301"]
[PlyCount "82"]
[EventDate "2014.??.??"]



1. d4 Nf6 2. c4 c5 3. d5 b5 4. cxb5 a6 5. f3 d6 6. e4 g6 7. Na3 Bg7 8. Ne2 O-O
9. Nc3 Ne8 10. Be3 axb5 11. Naxb5 Nc7 12. Qd2 Nxb5 13. Nxb5 Qa5 14. Qxa5 Rxa5
15. Bd2 Bxb2 16. Rb1 Rxa2 17. Bc4 Ra1 18. O-O Rxb1 19. Rxb1 Bg7 20. Nxd6 Ba6
21. Bxa6 Nxa6 22. Nc4 Bd4+ 23. Kf1 Rb8 24. Rxb8+ Nxb8 25. Ke2 Nd7 26. f4 e6 27.
d6 f6 28. Kd3 Kf7 29. Be3 e5 30. f5 g5 31. Bd2 Ke8 32. Ba5 Nb8 33. Bc7 Na6 34.
Nb6 c4+ 35. Kxc4 Bxb6 36. Bxb6 Kd7 37. Bc7 Kc6 38. Bd8 Kxd6 39. Bxf6 g4 40. Bg7
Nc7 41. Bf8+ Kd7 1-0

[Event "Glenco Chess IM 2014"]
[Site "Fredericia"]
[Date "2014.05.24"]
[Round "7"]
[White "Lubbe, Nikolas"]
[Black "Fries Nielsen, Jens Ove"]
[Result "1-0"]
[WhiteElo "2428"]
[BlackElo "2408"]
[PlyCount "105"]
[EventDate "2014.??.??"]



1. e4 d6 2. d4 Nf6 3. Nc3 a6 4. Bg5 b5 5. e5 b4 6. exf6 bxc3 7. fxg7 Bxg7 8.
bxc3 c5 9. Qf3 Qc7 10. Rb1 Nc6 11. Bc4 O-O 12. Bd5 Bd7 13. Qg3 Kh8 14. Ne2 cxd4
15. O-O dxc3 16. Nf4 Nd4 17. Rfe1 Rab8 18. Rxb8 Qxb8 19. Bxe7 Re8 20. Bxf7 Ne2+
21. Nxe2 Rxe7 22. Bc4 Bc6 23. Bxa6 Be5 24. Qh4 Rg7 25. Ng3 Qb6 26. Bf1 Rf7 27.
Nh1 Rf4 28. Qg5 Be4 29. Re2 Bg6 30. Qe7 Rf7 31. Qe6 Qd4 32. g3 Kg7 33. h3 Bf5
34. Qe8 Be4 35. Qc8 Bf5 36. Qc6 Qd1 37. g4 Bd7 38. Qe4 Rf4 39. Qe3 Bc6 40. Ng3
Kh8 41. Qb6 Qd5 42. Qd8+ Qg8 43. Qc7 Qd5 44. Qd8+ Qg8 45. Qc7 Qd5 46. Qc8+ Kg7
47. Qd8 Rf8 48. Qe7+ Kg8 49. Re4 Bd4 50. Nf5 Bxf2+ 51. Kh2 Bg1+ 52. Kxg1 Qc5+
53. Re3 1-0